YouTuberzy Technologiczni - Statystyki

Ogólne statystyki
  • Ten quiz został rozwiązany 7 razy
  • Średni wynik to 4 z 22
Statystyki odpowiedzi
Liczba subskrypcji Odpowiedź % Poprawnych
1,03 mln Ziemniak
80%
920 tys Kuba Klawiter
40%
15,3 mln(ZAGRANICZNY) Linus Tech Tips
40%
4,21 mln(ZAGRANICZNY) TechQuickie
40%
58,5 tys tvtech
40%
1,43 mln(ZAGRANICZNY) DankPods
20%
2 mln(ZAGRANICZNY) Fireship
20%
5,39 tys KOGR
20%
374 tys(ZAGRANICZNY) MattKC
20%
122 tys(ZAGRANICZNY KANAŁ STWORZONY PRZEZ POLAKA) MrKeybrd
20%
2,94 mln(ZAGRANICZNY) NetworkChuck
20%
10,3 tys Świat Linuksa
20%
1,83 mln(ZAGRANICZNY) TechLinked
20%
516 subskrypcji TXPer
20%
176 tys ZMASLO
20%
1,65 mln(ZAGRANICZNY) LGR
0%
358 tys(ZAGRANICZNY) MichealMJD
0%
371 tys Morele
0%
366 tys Pasja Informatyki
0%
92,2 tys PC by TQ
0%
45,7 tys Saper
0%
31,3 tys Tek Testers
0%
Nie znaleziono quizów pasujących do podanych kryteriów
Rozkład punktacji
Procent ludzi z każdym wynikiem
Percentyl według liczby udzielonych odpowiedzi
Twoja historia wyników
Nie rozwiązałeś tego quizu